=LDR 00000nam 2200000 4500 =001 INLIS000000000050297 =005 20170427100346 =035 ##$$a 0010-0417000112 =007 ta =008 170427###########################0###### =020 ##$$a 978 - 601 - 9212 - 00 - 6 =082 ##$$a 641.2 =084 ##$$a 641.2 OWE t =100 #$$a Owen, Sarah =245 1#$$a The top hundred juices /$c Sarah Owen =250 ##$$a Cet.1 =260 ##$$a Solo :$b Tiga Serangkai,$c 2011 =300 ##$$a 128 hlm : $b Ilus ; $c 17 cm. =650 ##$$a JUS =990 ##$$a 74737473 =990 ##$$a 74737473 =990 ##$$a 31700109 =990 ##$$a 02201707473 =990 ##$$a 31700110 =990 ##$$a 31700109